|
|
|
|
| LEADER |
00000nam0a2200000 4500 |
| 001 |
266975 |
| 005 |
20231101234039.0 |
| 035 |
|
|
|a (RuTPU)RU\TPU\book\289995
|
| 090 |
|
|
|a 266975
|
| 100 |
|
|
|a 20140718d1987 k y0rusy50 ca
|
| 101 |
0 |
|
|a rus
|
| 102 |
|
|
|a RU
|
| 105 |
|
|
|a y z 001zy
|
| 200 |
1 |
|
|a Африканская деревня вчера и сегодня. Традиционные и современные формы хозяйства
|f Академия наук СССР (АН СССР), Институт Африки (ИАф) ; под ред. Л. В. Гончарова
|
| 210 |
|
|
|a Москва
|c Наука
|d 1987
|
| 215 |
|
|
|a 191 с.
|c ил.
|
| 320 |
|
|
|a Библиогр.: с. 183-188.
|
| 606 |
1 |
|
|a Африка
|x Экономика
|2 stltpush
|3 (RuTPU)RU\TPU\subj\35867
|9 57430
|
| 610 |
1 |
|
|a африканские страны
|
| 610 |
1 |
|
|a деревня
|
| 610 |
1 |
|
|a сельское хозяйство
|
| 610 |
1 |
|
|a традиции
|
| 610 |
1 |
|
|a формы
|
| 610 |
1 |
|
|a натуральное хозяйство
|
| 610 |
1 |
|
|a аграрный капитализм
|
| 610 |
1 |
|
|a государственная собственность
|
| 610 |
1 |
|
|a товарное производство
|
| 686 |
|
|
|a У9(6)
|v LBC/SL-A
|2 rubbk
|
| 702 |
|
1 |
|a Гончаров
|b Л. В.
|4 340
|
| 712 |
0 |
2 |
|a Академия наук СССР (АН СССР)
|b Институт Африки (ИАф)
|c (Москва)
|2 stltpush
|3 (RuTPU)RU\TPU\col\11573
|
| 801 |
|
1 |
|a RU
|b 63413507
|c 20140718
|
| 801 |
|
2 |
|a RU
|b 63413507
|c 20151026
|g RCR
|
| 942 |
|
|
|c BK
|